00950nam a22002537a 450000500170000001000130001702000220003003500130005203700170006504000120008208200130009410000300010724500920013726000470022927000550027630000250033150000710035665000580042765000240048570000260050994200220053599900190055795201200057620170124110040.0 aA-679783 c00.00a0195633911 aA-679783 bCen Lib/ Ret aDPLbEN a841bKHU aKhurshidul Islam 9102301 aThree mughal poets :cby Khurshidul Islam [and] Ralph Russell bmir, sauda, mir hasan / aNew Delhi bOxford University Press c1994 aYMCA building, jai singh road bNew Delhi e110001 axiv, 290p.c21cm(Hb) aIncludes appendix, glossary, bibliographical references and index  aSaudā, Mirzā Muḥammad Rafiʻ, 1713-17819102302 aUrdu poetry9102303 aRussell, Ralph923606 2ddccENh841mKHU c128501d128501 00104070aLbLd2015-07-02eCen Lib/Retg0.00l0o841 KHUpA-679783r2015-07-02 00:00:00t1v0.00w2015-07-02yEN